Ship's magnetic compass (Record no. 11859)

000 -LEADER
fixed length control field 00530nam a22001817a 4500
008 - FIXED-LENGTH DATA ELEMENTS--GENERAL INFORMATION
fixed length control field 210119b 2005 ||||| |||| 00| 0 eng d
082 ## - DEWEY DECIMAL CLASSIFICATION NUMBER
Classification number 912.0284
Item number JOS
100 ## - MAIN ENTRY--PERSONAL NAME
Personal name Joseph, T. K.
245 ## - TITLE STATEMENT
Title Ship's magnetic compass
250 ## - EDITION STATEMENT
Edition statement 2nd
260 ## - PUBLICATION, DISTRIBUTION, ETC. (IMPRINT)
Place of publication, distribution, etc New Delhi
Name of publisher, distributor, etc Applied Research International Pvt. Ltd.
Date of publication, distribution, etc 2005
300 ## - PHYSICAL DESCRIPTION
Extent viii,211p.
650 ## - SUBJECT ADDED ENTRY--TOPICAL TERM
Topical term or geographic name as entry element Terrestrial Magnetism
650 ## - SUBJECT ADDED ENTRY--TOPICAL TERM
Topical term or geographic name as entry element Introduction to compass work
650 ## - SUBJECT ADDED ENTRY--TOPICAL TERM
Topical term or geographic name as entry element Compass Adjustment and correction
700 ## - ADDED ENTRY--PERSONAL NAME
Personal name Rewari, S. S. S.
Relator term Co-author
942 ## - ADDED ENTRY ELEMENTS (KOHA)
Item type Books
Holdings
Withdrawn status Lost status Source of classification or shelving scheme Damaged status Not for loan Collection code Permanent location Current location Shelving location Date acquired Full call number Barcode Date last seen Koha item type Public note
          Non-fiction IMU-MPC Library IMU-MPC Library General Stacks 2021-01-19 912.0284 JOS MPCG0233 2025-03-17 Books Column - 14
          Non-fiction IMU-MPC Library IMU-MPC Library General Stacks 2021-01-19 912.0284 JOS LBS11805 2025-03-17 Books Column - 14
Copyright © 2021 Indian Maritime University, Mumbai Port Campus. All Rights Reserved. Managed & Maintained by Central Library, IMU-Mumbai

webs counters

Powered by Koha